[Event "Chinese League Div-A Final-KO 2023"]
[Site "Xiongan"]
[Date "2023.12.12"]
[Round "10.2"]
[White "Bai, Jinshi"]
[Black "Xue, Haowen"]
[Result "1-0"]
[WhiteElo "2585"]
[BlackElo "2455"]
[Annotator "ChessBase"]
[PlyCount "93"]
[EventDate "2023.12.02"]
[EventCountry "CHN"]
[SourceTitle "playchess.com"]
[Source "ChessBase"]
[SourceQuality "1"]

1. d4 {[%emt 0:00:05]} Nf6 {[%emt 0:00:10]} 2. c4 {[%emt 0:00:10]} e6 {[%emt 0:00:05]} 3. Nc3 {[%emt 0:00:08]} d5 {[%emt 0:00:45]} 4. cxd5 {[%emt 0:00:08]} exd5 {[%emt 0:00:21]} 5. Bg5 {[%emt 0:00:10]} Be7 {[%emt 0:00:39]} 6. e3 {[%emt 0:00:31]} O-O {[%emt 0:00:41]} 7. Bd3 {[%emt 0:01:24]} Nbd7 {[%emt 0:00:49]} 8. Nge2 {[%emt 0:03:43]} Re8 {[%emt 0:00:54]} 9. O-O {[%emt 0:01:53]} c6 {[%emt 0:01:05]} 10. Qc2 {[%emt 0:04:42]} Nf8 {[%emt 0:02:40]} 11. Rad1 {[%emt 0:03:26]} g6 {[%emt 0:03:06]} 12. f3 {[%emt 0:03:41]} Ne6 {[%emt 0:02:48]} 13. Bh4 {[%emt 0:01:27]} b5 {[%emt 0:00:42]} 14. Kh1 {[%emt 0:01:58]} a5 {[%emt 0:10:36]} 15. Bf2 {[%emt 0:00:57]} Nh5 {[%emt 0:01:38]} 16. Rfe1 {[%emt 0:04:36]} Ba6 {[%emt 0:11:28]} 17. e4 {[%emt 0:07:07]} b4 {[%emt 0:11:44]} 18. Bxa6 {[%emt 0:03:52]} Rxa6 {[%emt 0:00:29]} 19. Na4 {[%emt 0:00:10]} dxe4 {[%emt 0:08:52]} 20. fxe4 {[%emt 0:03:37]} Bh4 {[%emt 0:10:58]} 21. Ng1 {[%emt 0:01:32]} Bxf2 {[%emt 0:00:53]} 22. Qxf2 {[%emt 0:00:06]} Ng5 {[%emt 0:07:35]} 23. Nc5 {[%emt 0:10:04]} Ra7 {[%emt 0:01:02]} 24. e5 {[%emt 0:09:30]} f5 {[%emt 0:08:18]} 25. d5 {[%emt 0:06:02]} Qb6 {[%emt 0:03:17]} 26. d6 {[%emt 0:05:27]} Ne6 {[%emt 0:00:47]} 27. Rc1 {[%emt 0:00:12]} Nhf4 {[%emt 0:06:59]} 28. Nh3 {[%emt 0:09:09]} Nxh3 {[%emt 0:00:39]} 29. gxh3 {[%emt 0:00:04]} Rd7 {[%emt 0:01:07]} 30. Rf1 {[%emt 0:07:57]} Nxc5 {[%emt 0:00:33]} 31. Rxc5 {[%emt 0:00:18]} b3 {[%emt 0:00:40]} 32. a3 {[%emt 0:00:13]} Re6 {[%emt 0:00:57]} 33. Qd4 {[%emt 0:01:41]} Qa6 {[%emt 0:00:12]} 34. Rf2 {[%emt 0:00:09]} Kf7 {[%emt 0:00:19]} 35. Kg1 {[%emt 0:01:48]} a4 {[%emt 0:00:46]} 36. Qc3 {[%emt 0:01:22]} Qb7 {[%emt 0:02:33]} 37. Qc4 {[%emt 0:00:18]} Qa7 {[%emt 0:00:44]} 38. Kg2 {[%emt 0:01:44]} Qa8 {[%emt 0:00:31]} 39. h4 {[%emt 0:01:44]} Qe8 {[%emt 0:00:44]} 40. Rxc6 {[%emt 0:04:32]} Kg7 {[%emt 0:00:26]} 41. Rc8 {[%emt 0:01:58]} Qf7 {[%emt 0:00:06]} 42. Rc7 {[%emt 0:00:31]} h6 {[%emt 0:04:01]} 43. Rd2 {[%emt 0:03:01]} g5 {[%emt 0:00:44]} 44. Rxd7 {[%emt 0:00:47]} Qxd7 {[%emt 0:00:05]} 45. Qc7 {[%emt 0:00:14]} Qxc7 {[%emt 0:00:39]} 46. dxc7 {[%emt 0:00:04]} Rc6 {[%emt 0:00:03]} 47. Rd7+ {[%emt 0:00:04]} 1-0

[Event "Chinese League Div-A Final-KO 2023"]
[Site "Xiongan"]
[Date "2023.12.12"]
[Round "10.3"]
[White "Zhou, Weiqi"]
[Black "Ma, Qun"]
[Result "1/2-1/2"]
[WhiteElo "2593"]
[BlackElo "2653"]
[Annotator "TA"]
[PlyCount "101"]
[EventDate "2023.12.02"]
[EventCountry "CHN"]
[SourceTitle "playchess.com"]
[Source "ChessBase"]
[SourceQuality "1"]

{[%evp 18,101,19,17,12,18,18,13,31,49,37,14,23,20,22,0,17,7,15,11,27,20,24,24,25,31,27,25,33,33,31,20,28,12,13,14,36,30,56,44,38,38,43,48,53,47,58,55,61,0,0,0,0,0,0,0,0,0,0,0,0,0,0,0,0,0,0,0,0,0,0,0,0,0,0,0,0,0,0,0,0,0,0,0,0,0]} 1. e4 {[%emt 0:00:01]} e5 {[%emt 0:00:23]} 2. Nf3 {[%emt 0:00:06]} Nc6 {[%emt 0:00:12]} 3. Bb5 {[%emt 0:00:05]} Nf6 {[%emt 0:00:13]} 4. O-O {[%emt 0:00:35][%cal Bh1f1,Bf1e1,Be1e5][%mdl 32]} Nxe4 {[%emt 0:00:09]} 5. Re1 {[%emt 0:00:05]} Nd6 {[%emt 0:00:12]} 6. Nxe5 {[%emt 0:00:04]} Be7 {[%emt 0:00:10]} 7. Bf1 {[%emt 0:00:04]} Nxe5 {[%emt 0:00:17]} 8. Rxe5 {[%emt 0:00:03]} O-O {[%emt 0:00:13]} 9. d4 {[%emt 0:00:06]} Bf6 {[%emt 0:00:11]} 10. Re1 {[%emt 0:00:04]} Re8 {[%emt 0:00:14] C67: Ruy Lopez: Berlin Defence: 4 0-0 Nxe4.} 11. c3 {[%emt 0:00:04] 11.Bf4 is the fancy move.} Rxe1 {[%emt 0:11:58]} 12. Qxe1 {[%emt 0:00:08]} Qe7 {[%emt 0:00:13]} 13. Qxe7 {[%emt 0:06:05]} Bxe7 {[%emt 0:00:04]} 14. a4 {[%emt 0:00:23]} a5 {[%emt 0:02:26]} 15. Na3 {[%emt 0:02:25]} Ne8 {[%emt 0:00:29]} 16. d5 {[%emt 0:04:00] [#]} d6 $146 {[%emt 0:08:11]} ({Predecessor:} 16... Nf6 17. Nb5 Nxd5 18. Bc4 c6 19. Bxd5 cxd5 20. Nc7 Rb8 21. Nxd5 Bf8 22. Nb6 d6 23. Nxc8 Rxc8 {½-½ Kovalev,V (2556)-Aleksandrov,A (2391) Wch Blitz Almaty 2022 (5)}) 17. Be3 {[%emt 0:09:02]} Kf8 {[%emt 0:13:41]} 18. f3 {[%emt 0:08:46]} h6 {[%emt 0:03:01]} 19. Bb5 {[%emt 0:10:11]} Nf6 {[%emt 0:05:48]} 20. Rd1 {[%emt 0:01:46]} Bd7 {[%emt 0:15:31]} 21. Bxd7 {[%emt 0:01:17]} Nxd7 {[%emt 0:00:03]} 22. Nb5 {[%emt 0:00:18]} Rc8 {[%emt 0:00:33]} 23. Kf2 {[%emt 0:10:30]} Ke8 {[%emt 0:01:11]} 24. g4 {[%emt 0:05:18]} Ne5 {[%emt 0:07:47]} 25. Kg3 {[%emt 0:08:01]} Nc4 {[%emt 0:06:42]} 26. Bc1 {[%emt 0:01:35]} c6 {[%emt 0:00:10]} (26... Nb6 $5 {[%cal Rb6a4]}) 27. Nd4 {[%emt 0:00:29]} Bf8 {[%emt 0:03:46]} 28. b3 {[%emt 0:15:07]} Nb6 {[%emt 0:00:13]} 29. dxc6 {[%emt 0:00:05]} bxc6 {[%emt 0:00:02]} 30. c4 {[%emt 0:00:07]} Kd7 {[%emt 0:07:31]} 31. Nf5 {[%emt 0:03:43]} d5 {[%emt 0:07:32]} 32. Be3 {[%emt 0:00:52]} Kc7 {[%emt 0:02:00]} 33. Bxb6+ {[%emt 0:05:25]} (33. Bf4+ $1 $14 Kd7 34. h3) 33... Kxb6 $11 {[%emt 0:00:01] The position is equal.} 34. cxd5 $14 {[%mdl 4096] Endgame KRB-KRN} Rd8 $1 35. Ne3 {[%emt 0:00:08]} cxd5 $1 {[%emt 0:01:03]} 36. Nxd5+ {[%emt 0:00:11]} (36. Rxd5 $2 {perishes.} Rxd5 37. Nxd5+ Kc5 $19) 36... Kc5 {[%emt 0:00:09]} 37. Rc1+ {[%emt 0:00:04]} Kd4 $1 {[%emt 0:00:02]} 38. Rd1+ {[%emt 0:04:25]} Kc5 {[%emt 0:00:16]} 39. Rc1+ {[%emt 0:00:02]} Kd4 $1 {[%emt 0:00:11]} 40. Nb6 {[%emt 0:01:08] [#] Rd1+ would be deadly.} Rb8 {[%emt 0:02:49]} 41. Rc4+ {[%emt 0:03:34]} Kd3 {[%emt 0:02:16]} 42. Rc6 {[%emt 0:00:11] Prevents Bd6+. Hoping for Nd7.} Bb4 {[%emt 0:02:21]} 43. f4 {[%emt 0:12:35]} Bc3 {[%emt 0:08:33]} 44. Kf3 {[%emt 0:07:41]} Bd4 {[%emt 0:06:08]} 45. Nc4 {[%emt 0:00:29]} Rxb3 46. Nxa5 {[%emt 0:00:54]} Rb1 {[%emt 0:00:14]} 47. Rd6 {[%emt 0:02:20] [#] And now Nc6 would win.} Rf1+ $1 {[%emt 0:00:27]} 48. Kg2 {[%emt 0:00:27]} Rg1+ {[%emt 0:01:18]} 49. Kf3 {[%emt 0:00:04]} Rf1+ {[%emt 0:00:04]} 50. Kg2 {[%emt 0:00:03]} Rg1+ {[%emt 0:00:03]} 51. Kf3 {[%emt 0:06:41] Weighted Error Value: White=0.04 (flawless) /Black=0.03 (flawless)} 1/2-1/2

[Event "Chinese League Div-A Final-KO 2023"]
[Site "Xiongan"]
[Date "2023.12.12"]
[Round "10.4"]
[White "Zhao, Xue"]
[Black "Song, Yuxin"]
[Result "1/2-1/2"]
[WhiteElo "2450"]
[BlackElo "2397"]
[Annotator "ChessBase"]
[PlyCount "99"]
[EventDate "2023.12.02"]
[EventCountry "CHN"]
[SourceTitle "playchess.com"]
[Source "ChessBase"]
[SourceQuality "1"]

1. d4 {[%emt 0:00:14]} Nf6 {[%emt 0:00:07]} 2. c4 {[%emt 0:00:12]} e6 {[%emt 0:00:05]} 3. Nf3 {[%emt 0:00:07]} d5 {[%emt 0:00:06]} 4. Nc3 {[%emt 0:00:06]} c5 {[%emt 0:00:06]} 5. cxd5 {[%emt 0:00:35]} cxd4 {[%emt 0:00:06]} 6. Qxd4 {[%emt 0:00:25]} exd5 {[%emt 0:00:09]} 7. Bg5 {[%emt 0:00:28]} Be7 {[%emt 0:00:09]} 8. e3 {[%emt 0:00:41]} O-O {[%emt 0:00:07]} 9. Rd1 {[%emt 0:00:45]} Be6 {[%emt 0:07:27]} 10. Bd3 {[%emt 0:01:16]} h6 {[%emt 0:03:46]} 11. Bh4 {[%emt 0:01:23]} Nc6 {[%emt 0:01:35]} 12. Qa4 {[%emt 0:00:07]} Qb6 {[%emt 0:02:32]} 13. Rd2 {[%emt 0:06:38]} Rfd8 {[%emt 0:04:56]} 14. O-O {[%emt 0:01:58]} Rac8 {[%emt 0:06:04]} 15. Rc1 {[%emt 0:14:01]} a6 {[%emt 0:03:39]} 16. Qd1 {[%emt 0:02:37]} Ne4 {[%emt 0:27:56]} 17. Nxe4 {[%emt 0:21:56]} dxe4 {[%emt 0:00:06]} 18. Bxe4 {[%emt 0:00:11]} Rxd2 {[%emt 0:00:06]} 19. Qxd2 {[%emt 0:00:07]} Bxh4 {[%emt 0:00:05]} 20. Nxh4 {[%emt 0:00:06]} Rd8 {[%emt 0:00:05]} 21. Qe2 {[%emt 0:07:38]} Bxa2 {[%emt 0:00:12]} 22. Bxc6 {[%emt 0:06:16]} bxc6 {[%emt 0:00:02]} 23. Nf5 {[%emt 0:00:07]} Be6 {[%emt 0:00:37]} 24. Nd4 {[%emt 0:06:45]} Bd7 {[%emt 0:00:38]} 25. h3 {[%emt 0:03:51]} Rb8 {[%emt 0:02:25]} 26. Rc2 {[%emt 0:01:57]} c5 {[%emt 0:09:48]} 27. Nf3 {[%emt 0:00:05]} Bb5 {[%emt 0:04:06]} 28. Qe1 {[%emt 0:00:43]} Bd3 {[%emt 0:03:19]} 29. Rd2 {[%emt 0:03:09]} Be4 {[%emt 0:00:58]} 30. Ne5 {[%emt 0:02:49]} Qe6 {[%emt 0:01:02]} 31. Ng4 {[%emt 0:02:13]} h5 {[%emt 0:04:58]} 32. Nh2 {[%emt 0:00:03]} Qe5 {[%emt 0:00:21]} 33. Qe2 {[%emt 0:02:42]} Rb6 {[%emt 0:00:24]} 34. Nf1 {[%emt 0:01:25]} Bxg2 {[%emt 0:02:55]} 35. f4 {[%emt 0:07:55]} Bxf1 {[%emt 0:04:01]} 36. Rd8+ {[%emt 0:00:05]} Kh7 {[%emt 0:00:05]} 37. Qc2+ {[%emt 0:00:02]} Rg6+ {[%emt 0:00:05]} 38. Qxg6+ {[%emt 0:00:03]} Kxg6 {[%emt 0:00:07]} 39. fxe5 {[%emt 0:00:04]} Bxh3 {[%emt 0:00:07]} 40. Rd6+ {[%emt 0:02:47]} Be6 {[%emt 0:00:56]} 41. Rxa6 {[%emt 0:02:21]} Kf5 {[%emt 0:02:37]} 42. Rb6 {[%emt 0:06:18]} c4 {[%emt 0:02:05]} 43. Rb8 {[%emt 0:02:29]} Kxe5 {[%emt 0:03:44]} 44. Kf2 {[%emt 0:01:00]} Ke4 {[%emt 0:01:30]} 45. Rd8 {[%emt 0:05:54]} g5 {[%emt 0:02:10]} 46. Rg8 {[%emt 0:02:24]} Kf5 {[%emt 0:00:18]} 47. Rh8 {[%emt 0:04:34]} h4 {[%emt 0:01:01]} 48. Rd8 {[%emt 0:01:11]} Ke4 {[%emt 0:00:52]} 49. Rd4+ {[%emt 0:00:12]} Ke5 {[%emt 0:00:08]} 50. Rd8 {[%emt 0:01:17]} 1/2-1/2

[Event "Chinese League Div-A Final-KO 2023"]
[Site "Xiongan"]
[Date "2023.12.12"]
[Round "10.5"]
[White "Li, Xueyi"]
[Black "Zhai, Mo"]
[Result "1/2-1/2"]
[WhiteElo "2245"]
[BlackElo "2339"]
[Annotator "ChessBase"]
[PlyCount "65"]
[EventDate "2023.12.02"]
[EventCountry "CHN"]
[SourceTitle "playchess.com"]
[Source "ChessBase"]
[SourceQuality "1"]

1. d4 {[%emt 0:00:02]} Nf6 {[%emt 0:00:07]} 2. Nf3 {[%emt 0:00:08]} d5 {[%emt 0:00:18]} 3. c4 {[%emt 0:00:06]} e6 {[%emt 0:00:18]} 4. g3 {[%emt 0:00:07]} dxc4 {[%emt 0:00:30]} 5. Bg2 {[%emt 0:00:08]} Bb4+ {[%emt 0:00:39]} 6. Bd2 {[%emt 0:00:55]} a5 {[%emt 0:00:17]} 7. Qc2 {[%emt 0:01:20]} c5 {[%emt 0:00:49]} 8. dxc5 {[%emt 0:00:16]} Bxc5 {[%emt 0:00:13]} 9. Qxc4 {[%emt 0:15:48]} Nbd7 {[%emt 0:00:30]} 10. O-O {[%emt 0:04:37]} b6 {[%emt 0:00:33]} 11. Nc3 {[%emt 0:09:40]} Ba6 {[%emt 0:04:02]} 12. Qh4 {[%emt 0:03:53]} Rc8 {[%emt 0:02:18]} 13. Rfd1 {[%emt 0:04:41]} Be7 {[%emt 0:14:39]} 14. Bg5 {[%emt 0:08:32]} h6 {[%emt 0:29:22]} 15. Ne5 {[%emt 0:13:14]} O-O {[%emt 0:01:22]} 16. Nxd7 {[%emt 0:01:04]} hxg5 {[%emt 0:00:12]} 17. Qa4 {[%emt 0:01:20]} b5 {[%emt 0:03:39]} 18. Nxf6+ {[%emt 0:06:35]} Bxf6 {[%emt 0:00:28]} 19. Qg4 {[%emt 0:07:29]} Qe7 {[%emt 0:02:09]} 20. Ne4 {[%emt 0:01:40]} Rfd8 {[%emt 0:14:13]} 21. Nxf6+ {[%emt 0:05:11]} Qxf6 {[%emt 0:00:29]} 22. b3 {[%emt 0:00:17]} b4 {[%emt 0:02:12]} 23. Bf3 {[%emt 0:01:39]} g6 {[%emt 0:02:49]} 24. Qe4 {[%emt 0:01:24]} Qb2 {[%emt 0:05:08]} 25. Qe3 {[%emt 0:02:31]} Rxd1+ {[%emt 0:06:27]} 26. Rxd1 {[%emt 0:00:05]} Qxa2 {[%emt 0:02:41]} 27. Qxg5 {[%emt 0:00:15]} Bxe2 {[%emt 0:03:07]} 28. Rd8+ {[%emt 0:00:14]} Rxd8 {[%emt 0:00:13]} 29. Qxd8+ {[%emt 0:00:12]} Kg7 {[%emt 0:00:32]} 30. Qd4+ {[%emt 0:00:12]} Kh7 {[%emt 0:00:53]} 31. Qh4+ {[%emt 0:00:07]} Kg8 {[%emt 0:00:24]} 32. Qd8+ {[%emt 0:00:06]} Kg7 {[%emt 0:00:33]} 33. Qd4+ {[%emt 0:00:04]} 1/2-1/2